h1

h2

h3

h4

h5
h6
001016276 001__ 1016276
001016276 005__ 20260213100838.0
001016276 0247_ $$2ISSN$$a2044-4753
001016276 0247_ $$2ISSN$$a2044-4761
001016276 0247_ $$2SCOPUS$$aSCOPUS:2-s2.0-105008946718
001016276 0247_ $$2WOS$$aWOS:001513116500001
001016276 0247_ $$2doi$$a10.1039/D5CY00544B
001016276 0247_ $$2doi$$a10.1039/d5cy00544b
001016276 0247_ $$2datacite_doi$$a10.18154/RWTH-2025-06861
001016276 037__ $$aRWTH-2025-06861
001016276 041__ $$aEnglish
001016276 082__ $$a540
001016276 1001_ $$0P:(DE-82)IDM05340$$aSimitsis, Natalia Milena$$b0$$urwth
001016276 245__ $$aNon-oxidative dehydrogenation of methanol to dimethoxymethane over Ag/Hβ zeolite bifunctional catalyst$$honline
001016276 260__ $$aLondon$$bRSC Publ.$$c2025
001016276 3367_ $$00$$2EndNote$$aJournal Article
001016276 3367_ $$0PUB:(DE-HGF)16$$2PUB:(DE-HGF)$$aJournal Article$$bjournal$$mjournal
001016276 3367_ $$2BibTeX$$aARTICLE
001016276 3367_ $$2DRIVER$$aarticle
001016276 3367_ $$2DataCite$$aOutput Types/Journal article
001016276 3367_ $$2ORCID$$aJOURNAL_ARTICLE
001016276 588__ $$aDataset connected to CrossRef, Journals: publications.rwth-aachen.de
001016276 591__ $$aGermany
001016276 7001_ $$0P:(DE-82)1011597$$aEgger, Felix$$b1$$urwth
001016276 7001_ $$0P:(DE-82)IDM05188$$aZobel, Mirijam$$b2$$urwth
001016276 7001_ $$0P:(DE-82)IDM02713$$aAsmelash, Chalachew Mebrahtu$$b3$$urwth
001016276 7001_ $$0P:(DE-82)IDM00101$$aPalkovits, Regina$$b4$$eCorresponding author$$urwth
001016276 773__ $$0PERI:(DE-600)2595090-3$$a10.1039/D5CY00544B$$n15$$p4380-4385$$tCatalysis science & technology$$v15$$x2044-4761$$y2025
001016276 8564_ $$uhttps://publications.rwth-aachen.de/record/1016276/files/1016276.pdf$$yOpenAccess
001016276 8767_ $$8INV_041284$$92025-01-14$$c2377.95$$d2026-01-28$$eHybrid-OA$$jPublish and Read$$lRoyal Society of Chemistry$$v377.95$$x021000-155310
001016276 909CO $$ooai:publications.rwth-aachen.de:1016276$$pdnbdelivery$$popenCost$$pVDB$$pdriver$$popen_access$$popenaire
001016276 9151_ $$0StatID:(DE-HGF)0031$$2StatID$$aPeer reviewed article$$x0
001016276 915__ $$0LIC:(DE-HGF)CCBY3$$2HGFVOC$$aCreative Commons Attribution CC BY 3.0
001016276 915__ $$0StatID:(DE-HGF)0150$$2StatID$$aDBCoverage$$bWeb of Science Core Collection$$d2024-12-19
001016276 915__ $$0StatID:(DE-HGF)0300$$2StatID$$aDBCoverage$$bMedline$$d2024-12-19
001016276 915__ $$0StatID:(DE-HGF)0100$$2StatID$$aJCR$$bCATAL SCI TECHNOL : 2022$$d2024-12-19
001016276 915__ $$0StatID:(DE-HGF)9905$$2StatID$$aIF >= 5$$bCATAL SCI TECHNOL : 2022$$d2024-12-19
001016276 915__ $$0StatID:(DE-HGF)0200$$2StatID$$aDBCoverage$$bSCOPUS$$d2024-12-19
001016276 915__ $$0StatID:(DE-HGF)0113$$2StatID$$aWoS$$bScience Citation Index Expanded$$d2024-12-19
001016276 915__ $$0StatID:(DE-HGF)0510$$2StatID$$aOpenAccess
001016276 915__ $$0StatID:(DE-HGF)1150$$2StatID$$aDBCoverage$$bCurrent Contents - Physical, Chemical and Earth Sciences$$d2024-12-19
001016276 915__ $$0StatID:(DE-HGF)0160$$2StatID$$aDBCoverage$$bEssential Science Indicators$$d2024-12-19
001016276 915__ $$0StatID:(DE-HGF)0420$$2StatID$$aNationallizenz$$d2024-12-19$$wger
001016276 915__ $$0StatID:(DE-HGF)0199$$2StatID$$aDBCoverage$$bClarivate Analytics Master Journal List$$d2024-12-19
001016276 915pc $$0PC:(DE-HGF)0000$$2APC$$aAPC keys set
001016276 915pc $$0PC:(DE-HGF)0001$$2APC$$aLocal Funding
001016276 915pc $$0PC:(DE-HGF)0002$$2APC$$aDFG OA Publikationskosten
001016276 915pc $$0PC:(DE-HGF)0173$$2APC$$aTIB: Royal Society of Chemistry 01.01.2024
001016276 9141_ $$y2025
001016276 9101_ $$0I:(DE-588b)36225-6$$6P:(DE-82)IDM05340$$aRWTH Aachen$$b0$$kRWTH
001016276 9101_ $$0I:(DE-588b)36225-6$$6P:(DE-82)1011597$$aRWTH Aachen$$b1$$kRWTH
001016276 9101_ $$0I:(DE-588b)36225-6$$6P:(DE-82)IDM05188$$aRWTH Aachen$$b2$$kRWTH
001016276 9101_ $$0I:(DE-588b)36225-6$$6P:(DE-82)IDM02713$$aRWTH Aachen$$b3$$kRWTH
001016276 9101_ $$0I:(DE-588b)36225-6$$6P:(DE-82)IDM00101$$aRWTH Aachen$$b4$$kRWTH
001016276 9201_ $$0I:(DE-82)155310_20140620$$k155310$$lLehrstuhl für Heterogene Katalyse und Technische Chemie$$x0
001016276 9201_ $$0I:(DE-82)150000_20140620$$k150000$$lFachgruppe Chemie$$x1
001016276 9201_ $$0I:(DE-82)154510_20140620$$k154510$$lLehrstuhl für Technische Chemie und heterogene Katalyse u. Institut für Brennstoffchemie und physikalisch-chemische Verfahrenstechnik (N.N.)$$x2
001016276 9201_ $$0I:(DE-82)542110_20140620$$k542110$$lLehrstuhl und Institut für Kristallographie$$x3
001016276 9201_ $$0I:(DE-82)530000_20140620$$k530000$$lFachgruppe Geowissenschaften$$x4
001016276 961__ $$c2025-08-13T15:06:49.268187$$x2025-08-13T15:06:49.268187$$z2025-08-13T15:06:49.268187
001016276 9801_ $$aFullTexts
001016276 980__ $$aI:(DE-82)150000_20140620
001016276 980__ $$aI:(DE-82)154510_20140620
001016276 980__ $$aI:(DE-82)155310_20140620
001016276 980__ $$aI:(DE-82)530000_20140620
001016276 980__ $$aI:(DE-82)542110_20140620
001016276 980__ $$aUNRESTRICTED
001016276 980__ $$aVDB
001016276 980__ $$ajournal
001016276 980__ $$aAPC